| 000 -LEADER | |
|---|---|
| fixed length control field | 00325nam a22001337a 4500 |
| 005 - DATE AND TIME OF LATEST TRANSACTION | |
| control field | 20180425123928.0 |
| 008 - FIXED-LENGTH DATA ELEMENTS--GENERAL INFORMATION | |
| fixed length control field | 160520b xxu||||| |||| 00| 0 eng d |
| 041 ## - LANGUAGE CODE | |
| Language code of text/sound track or separate title | eng |
| 082 ## - DEWEY DECIMAL CLASSIFICATION NUMBER | |
| Item number | 3447 |
| Classification number | 510.2462 |
| 100 ## - MAIN ENTRY--AUTHOR NAME | |
| Personal name | Das H.K. |
| 245 ## - TITLE STATEMENT | |
| Title | Advanced Engineering Mathematics |
| 650 ## - SUBJECT ADDED ENTRY--TOPICAL TERM | |
| Topical Term | DIPLOMA ENGINEERING |
| 942 ## - ADDED ENTRY ELEMENTS (KOHA) | |
| Koha item type | Books |
| Lost status | Damaged status | Home library | Shelving location | Date acquired | Full call number | Accession Number | Koha item type |
|---|---|---|---|---|---|---|---|
| JRU Library | Shelf - 10 - K | 20/05/2016 | 510.2462 | 3447 | Books |